000 00796nam0a22002531 4500
001 rc\2962814
005 20250805160813.4
035 _a(NLR Aleph) 007109369
090 _a6751983
_c6751983
100 _a20110904d1943 |||y0rusy50 ca
101 0 _arus
102 _aRU
105 _ay z |||||
200 1 _aСквозь дым костров
_eРоман
_fВалерий Язвицкий
210 _aМосква
_cГослитиздат
_d1943
215 _a269, [3] с.
_d20 см
700 1 _aЯзвицкий
_bВ. И.
_f1883-1957
_gВалерий Иоилевич
801 0 _aRU
_bNLR
_gpsbo
801 1 _aRU
_bELAR
_2rusmarc
852 _aNLR
_bЛ
_j30 Г-3/128
942 _cBOOK
945 _aРоссийская национальная библиотека
980 _aNB
980 _aBV